[Event "BI-2011-F-00007"]
[Site "LSS email"]
[Date "2012.02.12"]
[Round "?"]
[White "Shivdasani, Vijay A"]
[Black "Cijs, Peter JG"]
[Result "1-0"]
[WhiteElo "2036"]
[BlackElo "1871"]
[PlyCount "53"]
[EventDate "2012.02.15"]
[EventType "tourn (corr)"]
[EventRounds "10"]
[EventCountry "GER"]
[SourceTitle "Telechess CBM 161"]
[Source "ChessBase"]
[SourceDate "2014.07.16"]
[SourceVersion "1"]
[SourceVersionDate "2014.07.16"]
[SourceQuality "1"]

1. e4 e6 2. d4 d5 3. Nc3 Nf6 4. Bg5 Be7 5. e5 Nfd7 6. h4 Nc6 7. Bxe7 Nxe7 8. Nf3 0-0 9. Qd2 c5 10. dxc5 Qc7 11. 0-0-0 Nxe5 12. Nxe5 Qxe5 13. h5 Bd7 14. h6 g6 15. Bb5 Bxb5 16. Nxb5 b6 17. cxb6 Rab8 18. Rhe1 Qh8 19. Qg5 Nc6 20. c3 Rxb6 21. Nd4 Rfb8 22. Nxe6 Nb4 23. Ng7 Nxa2+ 24. Kc2 Rxb2+ 25. Kd3 R2b3 26. Rb1 Rxc3+ 27. Ke2 1-0

[Event "BI-2011-F-00007"]
[Site "LSS email"]
[Date "2012.02.12"]
[Round "?"]
[White "Shivdasani, Vijay A"]
[Black "Kopasov, Evgeny Aleksandrovi"]
[Result "1/2-1/2"]
[WhiteElo "2036"]
[BlackElo "2137"]
[PlyCount "52"]
[EventDate "2012.02.15"]
[EventType "tourn (corr)"]
[EventRounds "10"]
[EventCountry "GER"]
[SourceTitle "Telechess CBM 161"]
[Source "ChessBase"]
[SourceDate "2014.07.16"]
[SourceVersion "1"]
[SourceVersionDate "2014.07.16"]
[SourceQuality "1"]

1. e4 c5 2. Nf3 d6 3. d4 cxd4 4. Nxd4 Nf6 5. Nc3 a6 6. Be3 e5 7. Nb3 Be6 8. f4 exf4 9. Bxf4 Nc6 10. Qe2 Be7 11. h3 Nd7 12. 0-0-0 0-0 13. Bxd6 Bxd6 14. Rxd6 Qc7 15. Rd2 Rfe8 16. Kb1 b5 17. Qf2 Nce5 18. g4 Rac8 19. Be2 Nb6 20. Rhd1 Nbc4 21. Bxc4 Nxc4 22. Rd3 Qe5 23. Qd4 Qc7 24. Nd5 Bxd5 25. exd5 Re2 26. Rc1 Qd6 1/2-1/2

[Event "BI-2011-F-00007"]
[Site "LSS email"]
[Date "2012.02.12"]
[Round "?"]
[White "Zavrazhnov, Andrey Anatolievich"]
[Black "Shivdasani, Vijay A"]
[Result "1-0"]
[WhiteElo "2155"]
[BlackElo "2036"]
[PlyCount "107"]
[EventDate "2012.02.15"]
[EventType "tourn (corr)"]
[EventRounds "10"]
[EventCountry "GER"]
[SourceTitle "Telechess CBM 161"]
[Source "ChessBase"]
[SourceDate "2014.07.16"]
[SourceVersion "1"]
[SourceVersionDate "2014.07.16"]
[SourceQuality "1"]

1. d4 Nf6 2. c4 e6 3. Nf3 b6 4. g3 Bb7 5. Bg2 d6 6. 0-0 Nbd7 7. Nc3 Be7 8. d5 e5 9. a3 0-0 10. b4 c6 11. dxc6 Bxc6 12. Bb2 Re8 13. Rc1 a5 14. Nh4 Nb8 15. Qb3 axb4 16. axb4 Qd7 17. Rfd1 Bxg2 18. Nxg2 Nc6 19. Nb5 h5 20. Ne3 Red8 21. Kg2 h4 22. f3 h3+ 23. Kf2 g6 24. Rd3 Qb7 25. Rcd1 Qb8 26. Nd5 Nxd5 27. Rxd5 Na7 28. Nc3 Nc6 29. Bc1 Kg7 30. Ne4 f6 31. Be3 f5 32. Nc3 Rd7 33. Nb5 Rd8 34. Bc1 Na7 35. Qe3 Kf7 36. Nxd6+ Bxd6 37. c5 bxc5 38. bxc5 f4 39. gxf4 Be7 40. Rxd8 Bxd8 41. Qe4 Bh4+ 42. Kf1 Be7 43. f5 Qg8 44. Qxe5 gxf5 45. Qxf5+ Ke8 46. Qd7+ Kf7 47. Qd5+ Kg7 48. Qe4 Nc6 49. Qxc6 Rd8 50. Rd7 Kf8 51. Qh6+ Qg7 52. Qxg7+ Kxg7 53. Rxd8 Bxd8 54. Bf4 1-0

[Event "BI-2011-F-00007"]
[Site "LSS email"]
[Date "2012.02.12"]
[Round "?"]
[White "Zielinski, Sergej"]
[Black "Shivdasani, Vijay A"]
[Result "1-0"]
[WhiteElo "2155"]
[BlackElo "2036"]
[PlyCount "135"]
[EventDate "2012.02.15"]
[EventType "tourn (corr)"]
[EventRounds "10"]
[EventCountry "GER"]
[SourceTitle "Telechess CBM 161"]
[Source "ChessBase"]
[SourceDate "2014.07.16"]
[SourceVersion "1"]
[SourceVersionDate "2014.07.16"]
[SourceQuality "1"]

1. e4 c5 2. Nf3 Nc6 3. d4 cxd4 4. Nxd4 Nf6 5. Nc3 e5 6. Ndb5 d6 7. Bg5 a6 8. Na3 b5 9. Bxf6 gxf6 10. Nd5 f5 11. Bd3 Be6 12. 0-0 Bxd5 13. exd5 Ne7 14. Nxb5 Bg7 15. Nc3 e4 16. Bc4 Qc8 17. Qe2 Ng6 18. Na4 Qc7 19. Rad1 0-0 20. Bb3 Rfe8 21. f4 exf3 22. Qxf3 f4 23. Rde1 Re3 24. Rxe3 Qa7 25. Kh1 fxe3 26. c4 Bd4 27. Bd1 Qe7 28. Be2 Rf8 29. Qf5 a5 30. b3 Qe5 31. g3 Qxf5 32. Rxf5 Kg7 33. Kg2 Re8 34. Kf1 Re5 35. Rf3 Re8 36. Rf5 Re5 37. Rf3 Re8 38. Bd1 h5 39. h4 Rg8 40. Rf5 Be5 41. Bxh5 Bxg3 42. Bxg6 fxg6 43. Rf3 Bxh4 44. Rxe3 Rf8+ 45. Kg2 Rd8 46. Nc3 Rf8 47. Nb5 Rf2+ 48. Kh3 Bg5 49. Re6 Rxa2 50. Nxd6 Rb2 51. Ne4 Rxb3+ 52. Kg4 Bd8 53. Re8 Rb8 54. Ng5 Kf6 55. d6 a4 56. Kf4 a3 57. Rf8+ Kg7 58. Ne6+ Kh7 59. Rf7+ Kg8 60. Rf8+ Kh7 61. Nxd8 a2 62. Rf7+ Kg8 63. Ra7 Rxd8 64. c5 Rc8 65. d7 Rd8 66. c6 Kf7 67. Ke5 Ke7 68. c7 1-0

[Event "CP-2011-P-00013"]
[Site "LSS email"]
[Date "2011.09.30"]
[Round "?"]
[White "Shivdasani, Vijay A"]
[Black "Chatzisotiriou, Petros"]
[Result "1-0"]
[WhiteElo "2056"]
[BlackElo "1160"]
[PlyCount "49"]
[EventDate "2011.10.01"]
[EventType "tourn (corr)"]
[EventRounds "6"]
[EventCountry "GER"]
[SourceTitle "Telechess CBM 153"]
[Source "ChessBase"]
[SourceDate "2013.03.14"]
[SourceVersion "1"]
[SourceVersionDate "2013.03.14"]
[SourceQuality "1"]

1. e4 c6 2. d4 d5 3. e5 g6 4. c4 h5 5. Nc3 Bh6 6. Nf3 Bg4 7. Qb3 b6 8. cxd5 Bxf3 9. gxf3 cxd5 10. Bb5+ Kf8 11. Qxd5 Qxd5 12. Nxd5 a6 13. Nxb6 Ra7 14. Bd3 Rb7 15. Nc4 Bxc1 16. Rxc1 e6 17. Nd6 Rxb2 18. Rc8+ Kg7 19. Rc7 Nh6 20. Rg1 Nf5 21. Nxf7 Rf8 22. Ng5+ Kh8 23. Nxe6 Re8 24. Rxg6 Rxe6 25. Rxe6 1-0

[Event "CP-2011-P-00013"]
[Site "LSS email"]
[Date "2011.09.30"]
[Round "?"]
[White "Shivdasani, Vijay A"]
[Black "Cvak, Rudolf"]
[Result "1/2-1/2"]
[WhiteElo "2056"]
[BlackElo "1914"]
[PlyCount "116"]
[EventDate "2011.10.01"]
[EventType "tourn (corr)"]
[EventRounds "6"]
[EventCountry "GER"]
[SourceTitle "Telechess CBM 153"]
[Source "ChessBase"]
[SourceDate "2013.03.14"]
[SourceVersion "1"]
[SourceVersionDate "2013.03.14"]
[SourceQuality "1"]

1. e4 c5 2. Nf3 d6 3. d4 cxd4 4. Nxd4 Nf6 5. Nc3 a6 6. Be3 e5 7. Nb3 Be6 8. f3 Be7 9. Qd2 0-0 10. 0-0-0 Nbd7 11. g4 b5 12. Rg1 b4 13. Nd5 Bxd5 14. exd5 Nb6 15. Na5 Qc7 16. Nc6 Nfxd5 17. Nxe7+ Qxe7 18. Bxb6 Nxb6 19. Qxd6 Qg5+ 20. Qd2 Qe7 21. Bd3 a5 22. Rge1 Qc7 23. Qe2 Rfe8 24. Be4 Rac8 25. Qb5 Nc4 26. Bf5 Nd6 27. Rxd6 Qxd6 28. Bxc8 Rxc8 29. Qxe5 Qc6 30. Qe4 Qh6+ 31. f4 g6 32. Re2 Qh4 33. g5 Qh3 34. Qg2 Qf5 35. Re4 Kg7 36. b3 a4 37. Rxb4 Qa5 38. a3 axb3 39. Rxb3 Qa4 40. Rf3 Qe4 41. Qf2 Rxc2+ 42. Qxc2 Qxf3 43. Qb2+ Kg8 44. Qb8+ Kg7 45. Qd6 Qc3+ 46. Kd1 Qb3+ 47. Kd2 Qb2+ 48. Ke3 Qxh2 49. a4 Qg3+ 50. Kd4 Qf2+ 51. Kc3 Qf3+ 52. Kc4 Qe2+ 53. Qd3 Qa2+ 54. Kb5 Qb2+ 55. Kc5 Qb8 56. Qd4+ Kg8 57. Qe4 Qc7+ 58. Kb4 Qd6+ 1/2-1/2

[Event "CP-2011-P-00013"]
[Site "LSS email"]
[Date "2011.09.30"]
[Round "?"]
[White "Shivdasani, Vijay A"]
[Black "Volkov, Aleksandr Valentovi"]
[Result "1/2-1/2"]
[WhiteElo "2056"]
[BlackElo "2169"]
[PlyCount "43"]
[EventDate "2011.10.01"]
[EventType "tourn (corr)"]
[EventRounds "6"]
[EventCountry "GER"]
[SourceTitle "Telechess CBM 153"]
[Source "ChessBase"]
[SourceDate "2013.03.14"]
[SourceVersion "1"]
[SourceVersionDate "2013.03.14"]
[SourceQuality "1"]

1. e4 e5 2. Nf3 Nc6 3. Bb5 a6 4. Bxc6 dxc6 5. 0-0 Bg4 6. h3 h5 7. d3 Qf6 8. Nbd2 Ne7 9. Re1 Ng6 10. d4 Bd6 11. hxg4 hxg4 12. Nh2 Rxh2 13. Qxg4 Qh4 14. Qxh4 Rxh4 15. Nf3 Rh5 16. Be3 f6 17. Rad1 0-0-0 18. g3 exd4 19. Bxd4 c5 20. Bc3 Rdh8 21. Kg2 b6 22. b3 1/2-1/2

[Event "BI-2011-P-00027"]
[Site "LSS email"]
[Date "2011.04.17"]
[Round "?"]
[White "Brough, Carl"]
[Black "Shivdasani, Vijay A"]
[Result "0-1"]
[WhiteElo "852"]
[BlackElo "2063"]
[PlyCount "60"]
[EventDate "2011.04.20"]
[EventType "tourn (corr)"]
[EventRounds "10"]
[EventCountry "GER"]
[SourceTitle "Telechess CBM 151"]
[Source "ChessBase"]
[SourceDate "2012.11.13"]
[SourceVersion "1"]
[SourceVersionDate "2012.11.13"]
[SourceQuality "1"]

1. d4 Nf6 2. c4 e6 3. Nc3 Bb4 4. Bd2 c5 5. Nf3 0-0 6. e4 cxd4 7. Nxd4 Bxc3 8. Bxc3 Nxe4 9. Qf3 d5 10. Bd3 Nxc3 11. bxc3 e5 12. Bxh7+ Kxh7 13. Qh5+ Kg8 14. Nf3 Nd7 15. 0-0 dxc4 16. Ng5 Nf6 17. Qh4 Bf5 18. Rad1 Bd3 19. Rfe1 Qc7 20. Qg3 Rfe8 21. Re3 Nd5 22. Rf3 Nxc3 23. Rxf7 Ne2+ 24. Kh1 Nxg3+ 25. hxg3 Qd8 26. f4 exf4 27. gxf4 Qb6 28. f5 Qh6+ 29. Kg1 Qxg5 30. Rxb7 Re2 0-1

[Event "BI-2011-P-00027"]
[Site "LSS email"]
[Date "2011.04.17"]
[Round "?"]
[White "Shivdasani, Vijay A"]
[Black "Oliveira, Diogo Luiz"]
[Result "0-1"]
[WhiteElo "2063"]
[BlackElo "2088"]
[PlyCount "102"]
[EventDate "2011.04.20"]
[EventType "tourn (corr)"]
[EventRounds "10"]
[EventCountry "GER"]
[SourceTitle "Telechess CBM 151"]
[Source "ChessBase"]
[SourceDate "2012.11.13"]
[SourceVersion "1"]
[SourceVersionDate "2012.11.13"]
[SourceQuality "1"]

1. e4 e5 2. Nf3 Nc6 3. Bb5 a6 4. Bxc6 dxc6 5. 0-0 f6 6. d4 Bg4 7. c3 Bd6 8. Be3 Qe7 9. h3 Bh5 10. Nbd2 Nh6 11. dxe5 Bxe5 12. Qc2 Bxf3 13. Nxf3 0-0-0 14. Rfd1 Nf7 15. Nd4 Nd6 16. f3 g5 17. a4 h5 18. c4 c5 19. Nb3 g4 20. f4 Bd4 21. Bxd4 cxd4 22. e5 fxe5 23. c5 Nf7 24. c6 exf4 25. cxb7+ Kb8 26. Na5 Ne5 27. Re1 Rh6 28. Qe4 Re8 29. Qxf4 Rf6 30. Qxd4 gxh3 31. Rad1 Rd6 32. Qc3 Rxd1 33. Rxd1 Qf8 34. Rc1 Qd6 35. Qe3 Qg6 36. Qxh3 Qb6+ 37. Kh1 Qxa5 38. Qc3 Qxc3 39. Rxc3 Ng4 40. g3 Re3 41. Rc5 Rxg3 42. Rxh5 Kxb7 43. b4 Rb3 44. b5 a5 45. Kg2 Ra3 46. Rg5 Rxa4 47. Kf3 Rb4 48. Ke2 a4 49. Rc5 a3 50. Rc1 Kb6 51. Ra1 Rb3 0-1

[Event "BI-2011-P-00027"]
[Site "LSS email"]
[Date "2011.04.17"]
[Round "?"]
[White "Shivdasani, Vijay A"]
[Black "Salzmann, Stefan"]
[Result "1/2-1/2"]
[WhiteElo "2063"]
[BlackElo "2156"]
[PlyCount "46"]
[EventDate "2011.04.20"]
[EventType "tourn (corr)"]
[EventRounds "10"]
[EventCountry "GER"]
[SourceTitle "Telechess CBM 151"]
[Source "ChessBase"]
[SourceDate "2012.11.13"]
[SourceVersion "1"]
[SourceVersionDate "2012.11.13"]
[SourceQuality "1"]

1. d4 d5 2. c4 e6 3. Nc3 Nf6 4. cxd5 exd5 5. Bg5 c6 6. e3 Be7 7. Bd3 Nbd7 8. Qc2 0-0 9. Nge2 Re8 10. 0-0 Nf8 11. f3 Be6 12. Rad1 Rc8 13. a3 a6 14. Na4 N6d7 15. Bxe7 Qxe7 16. b4 b5 17. Nc5 Nxc5 18. dxc5 Bd7 19. e4 dxe4 20. Bxe4 f5 21. Bd3 Qe3+ 22. Rf2 Be6 23. Qd2 Qxd2 1/2-1/2

[Event "LSS RA-2010-0-00113"]
[Site "LSS email"]
[Date "2010.12.23"]
[Round "?"]
[White "Stepanov, Konstantin Vasiliev"]
[Black "Shivdasani, Vijay A"]
[Result "1/2-1/2"]
[WhiteElo "2072"]
[BlackElo "2009"]
[PlyCount "60"]
[EventDate "2010.10.31"]
[EventType "tourn (corr)"]
[EventRounds "6"]
[EventCountry "GER"]
[SourceTitle "Telechess CBM 145"]
[Source "Chessbase"]
[SourceDate "2011.11.11"]
[SourceVersion "1"]
[SourceVersionDate "2011.11.11"]
[SourceQuality "1"]

1. c4 f5 2. g3 Nf6 3. Bg2 g6 4. Nf3 Bg7 5. Nc3 0-0 6. 0-0 d6 7. d4 Nc6 8. d5 Na5 9. Qd3 e5 10. dxe6 Bxe6 11. b3 Nc6 12. Rb1 h6 13. e3 Re8 14. Nd4 Nxd4 15. exd4 d5 16. Re1 c6 17. Bf4 Ne4 18. cxd5 cxd5 19. Nb5 g5 20. Bc7 Qe7 21. Be5 a6 22. Nc7 Bxe5 23. Nxa8 Bf6 24. Nb6 Qb4 25. Na4 Bxd4 26. Re2 Ba7 27. Rc1 b5 28. Nc3 Rc8 29. Rec2 Rxc3 30. Rxc3 Nxf2 1/2-1/2

[Event "LSS SA-2010-0-00115"]
[Site "LSS email"]
[Date "2010.02.04"]
[Round "?"]
[White "Herzog, Klaus"]
[Black "Shivdasani, Vijay A"]
[Result "1/2-1/2"]
[WhiteElo "1978"]
[BlackElo "2149"]
[PlyCount "108"]
[EventDate "2010.01.22"]
[EventType "tourn (corr)"]
[EventRounds "6"]
[EventCountry "GER"]
[SourceTitle "Telechess CBM 141"]
[Source "ChessBase"]
[SourceDate "2011.03.17"]
[SourceVersion "1"]
[SourceVersionDate "2011.03.17"]
[SourceQuality "1"]

1. d4 Nf6 2. c4 g6 3. Nc3 d5 4. cxd5 Nxd5 5. e4 Nxc3 6. bxc3 Bg7 7. Bc4 0-0 8. Ne2 c5 9. 0-0 Nc6 10. Be3 cxd4 11. cxd4 Bg4 12. f3 Na5 13. Bxf7+ Rxf7 14. fxg4 Rxf1+ 15. Kxf1 Qd7 16. h3 b5 17. Kg1 Nc4 18. Qd3 Rc8 19. Rf1 e6 20. Bg5 Nb2 21. Qd2 Nc4 22. Qc3 Ne5 23. Qb3 Nc4 24. Kh2 a5 25. Qd3 Nb2 26. Qg3 Nc4 27. e5 b4 28. Qb3 h6 29. Bc1 g5 30. Rf2 Bf8 31. Rf3 a4 32. Qd3 Bg7 33. Kh1 Qe8 34. Kg1 Rc7 35. h4 gxh4 36. Rf1 Nb6 37. Nf4 Rc3 38. Qb1 b3 39. axb3 Rxb3 40. Qe4 a3 41. Nh5 Nd5 42. Nf6+ Bxf6 43. exf6 Qf7 44. Bxh6 a2 45. g5 Nc3 46. Qc2 Rb1 47. Qxc3 Rxf1+ 48. Kxf1 Qa7 49. Qa1 Qa5 50. g6 Qb5+ 51. Kg1 Qb1+ 52. Kh2 Qxg6 53. Qxa2 Qg3+ 54. Kh1 Qe1+ 1/2-1/2

[Event "LSS SA-2010-0-00115"]
[Site "LSS email"]
[Date "2010.02.04"]
[Round "?"]
[White "Milde, Lars"]
[Black "Shivdasani, Vijay A"]
[Result "0-1"]
[WhiteElo "1914"]
[BlackElo "2149"]
[PlyCount "52"]
[EventDate "2010.01.22"]
[EventType "tourn (corr)"]
[EventRounds "6"]
[EventCountry "GER"]
[SourceTitle "Corr 2013"]
[Source "ChessBase"]
[SourceDate "2012.11.12"]
[SourceVersion "1"]
[SourceVersionDate "2012.11.12"]
[SourceQuality "1"]

1. e4 c5 2. Nf3 d6 3. d4 cxd4 4. Nxd4 Nf6 5. Nc3 a6 6. Bc4 g6 7. f3 Bg7 8. Be3 0-0 9. Qd2 Nc6 10. 0-0-0 Na5 11. Bb3 Nxb3+ 12. Nxb3 Be6 13. h4 b5 14. g4 b4 15. Nd5 Bxd5 16. exd5 a5 17. h5 a4 18. Nd4 a3 19. b3 Nxd5 20. Bh6 Bf6 21. Bxf8 Nc3 22. hxg6 hxg6 23. Rde1 Nxa2+ 24. Kb1 Nc3+ 25. Ka1 Qxf8 26. g5 Bg7 0-1